banner-ar

THE OXFORD STARTER GERMAN DICTIONARY / (Record no. 15681)

MARC details
000 -الفاتح
حقل البيانات ثابتة الطول 00499nam a2200193Ia 4500
040 ## - مصدر الفهرسة
وكالة الفهرسة الأصلية GCL /
وكالة النسخ GCL
082 04 - رقم تصنيف ديوى العشرى
رقم التصنيف 433.2
رقم المادة M O
100 1# - المدخل الرئيسى - إسم شخصى
الإسم الشخصى MORRIS, NEIL
245 10 - بيان العنوان
العنوان THE OXFORD STARTER GERMAN DICTIONARY /
بيان المسئوليه,etc MORRIS, NEIL
700 1# - المدخل الاضافى - اسم شخصى
الإسم الشخصى MORRIS, ROSWITHA
260 ## - PUBLICATION, DISTRIBUTION, ETC. (IMPRINT)
تاريخ النشر أو التوزيع 1997
300 ## - الوصف المادى
التعداد 356 P
650 04 - المدخل الاضافى بالموضوع-مصطلح موضوعى
مصطلح موضوعي GERMAN LANGUAGE
650 04 - المدخل الاضافى بالموضوع-مصطلح موضوعى
مصطلح موضوعي DICTIONARIES
650 04 - المدخل الاضافى بالموضوع-مصطلح موضوعى
مصطلح موضوعي LANGUAGES
650 04 - المدخل الاضافى بالموضوع-مصطلح موضوعى
مصطلح موضوعي ENGLISH LANGUAGE - DICTIONARIES
942 ## - عناصر المدخل الإضافي( كوها)
مصدر التصنيف او مخطط الترفيف Dewey Decimal Classification
Koha [default] item type كتاب
260 ## - PUBLICATION, DISTRIBUTION, ETC. (IMPRINT)
-- [S.N] :
-- OXFORD UNIVERSITY PRESS ،
Holdings
حالة التراجع حالة الفقد حالة تلف ليس للاعارة المكان المؤقت الموقع الحالى تاريخ الاكتساب اجمالي اﻻعارات رقم الطلب الباركود تاريخ اخر مشاهدة تاريخ تفعيل السعر نوع وعاء كوها
        مكتبة القاهرة الكبرى مكتبة القاهرة الكبرى 03/26/2014   433.2\M O 28938 03/26/2014 03/26/2014 كتاب

Powered By

EGPV